00457nam a2200133 a 450000100100000000500170001000800410002704000250006811100920009324500150018526000640020030000200026471000390028400003191920200930063300.0110707s1972 dr 000 0 spa d aDO-SdBNPbspacBNPHU1 aforum nacional de antibióticos.d1972cSanto Domingon1: 31 de agosto al 2 septiembre10aResumenes. aSanto Domingo :bSociedad Dominicana de Pediatría,c1972. a51 p. ;c22 cm.2 aSociedad Dominicana de Pediatría